| 000 | 01691nam0a22003371 4500 | ||
|---|---|---|---|
| 001 | rc\3052569 | ||
| 005 | 20260406172530.0 | ||
| 010 |
_d25 р. _9600 |
||
| 021 |
_aRU _b[41-8064Ж] |
||
| 035 | _a(NLR Aleph) 007191919 | ||
| 090 |
_a7546223 _c7546223 |
||
| 100 | _a20111010d1940 |||y0rusy50 ca | ||
| 101 | 0 |
_arus _deng |
|
| 102 | _aRU | ||
| 105 | _aa d ||||| | ||
| 200 | 1 |
_aРаботы Морфологической лаборатории за 1935-1937 годы _e[сборник статей по морфологии и генетике человека] |
|
| 210 |
_aМосква _d1940 |
||
| 215 |
_a270 с. _cил., черт. _d26 |
||
| 225 | 1 |
_aУченые записки Московского государственного университета _vвып. 34 _iАнтропология _vненум. вып. [2] _iТруды _fНауч.-исслед. ин-т антропологии МГУ _vвып. 5 |
|
| 300 | _aРезюме статей на англ. яз. | ||
| 320 | _aБиблиогр. в конце статей | ||
| 517 | 1 |
_aСборник статей по морфологии и генетике человека _zrus |
|
| 601 | 0 | 2 |
_aНаучно-исследовательский институт антропологии _cМосква, город _jСборники _92077487 _3RU\NLR\AUTH\661253119 |
| 686 | 0 |
_aЕ7я43(2)л2 _2rubbk |
|
| 710 | 0 | 2 |
_aНИИ антропологии _cМосква _bМорфологическая лаборатория _3RU\NLR\AUTH\889940119 _9375072 |
| 801 | 0 |
_aRU _bNLR _gpsbo |
|
| 801 | 1 |
_aRU _bELAR _2rusmarc |
|
| 801 | 2 |
_aRU _bNLR _c20180208 _2rusmarc |
|
| 852 |
_aNLR _jП1/158 (1940, вып. 34) |
||
| 942 | _cBOOK | ||
| 980 | _aNB | ||